[Event "ARG-chT"]
[Site "Villa Martelli"]
[Date "2022.08.28"]
[Round "4.5"]
[White "Castillo, Santiago"]
[Black "Pradines, Emanuel"]
[Result "1-0"]
[WhiteElo "2150"]
[BlackElo "1935"]
[PlyCount "45"]
[EventDate "2022.08.26"]
[EventType "team-swiss"]
[EventRounds "8"]
[EventCountry "ARG"]
[SourceTitle "EXT 2023"]
[Source "ChessBase"]
[SourceDate "2022.10.05"]
[SourceVersion "1"]
[SourceVersionDate "2022.10.05"]
[SourceQuality "1"]
[WhiteTeam "Tigre"]
[BlackTeam "San Isidro"]
[WhiteTeamCountry "ARG"]
[BlackTeamCountry "ARG"]

1. e4 c5 2. Nf3 Nc6 3. d4 cxd4 4. c3 dxc3 5. Bc4 cxb2 6. Bxb2 e6 7. 0-0 Nf6 8. Nc3 a6 9. Qe2 b5 10. Bb3 d6 11. Rfd1 Qb6 12. a4 b4 13. a5 Qc7 14. Nd5 exd5 15. exd5+ Ne7 16. Nd4 Kd8 17. Rdc1 Qa7 18. Ba4 Bd7 19. Nc6+ Nxc6 20. dxc6 Bg4 21. Bxf6+ gxf6 22. c7+ Qxc7 23. Qe8# 1-0

[Event "Avellaneda U2200 1st"]
[Site "Avellaneda"]
[Date "2016.08.18"]
[Round "1.3"]
[White "Pradines, Emanuel"]
[Black "Steketee, Diego"]
[Result "1-0"]
[WhiteElo "1966"]
[BlackElo "1632"]
[PlyCount "87"]
[EventDate "2016.08.18"]
[EventType "swiss"]
[EventRounds "5"]
[EventCountry "ARG"]
[SourceTitle "EXT 2024"]
[Source "ChessBase"]
[SourceDate "2023.10.10"]
[SourceVersion "1"]
[SourceVersionDate "2023.10.10"]
[SourceQuality "1"]

1. e4 d6 2. Nc3 g6 3. d4 Bg7 4. Be3 Nf6 5. f3 0-0 6. Qd2 c6 7. Bh6 b5 8. h4 Qa5 9. a3 Ba6 10. b4 Qc7 11. h5 e5 12. Qg5 Nbd7 13. hxg6 fxg6 14. Nh3 Rf7 15. dxe5 Bxh6 16. Qxh6 dxe5 17. Ng5 Re7 18. g3 Nf8 19. Rd1 Qb6 20. Nh3 Rd8 21. Qg5 Rxd1+ 22. Nxd1 N8d7 23. Ne3 Qd4 24. Nf5 Qc3+ 25. Kf2 Qxc2+ 26. Be2 Kf7 27. Rc1 Qb2 28. Nxe7 Qd4+ 29. Qe3 Qd6 30. Rxc6 Qxe7 31. Rxa6 Kg8 32. Rxa7 Qf8 33. Bxb5 Ng4+ 34. Ke2 Nxe3 35. Kxe3 Qb8 36. Bc4+ Kh8 37. Rxd7 Qb6+ 38. Kd3 Qf6 39. f4 exf4 40. gxf4 Qb2 41. Ng5 Qxa3+ 42. Kd4 Qb2+ 43. Kc5 Qf2+ 44. Kb5 1-0

[Event "Villa Martelli Rubinstein op"]
[Site "Villa Martelli"]
[Date "2009.08.08"]
[Round "5"]
[White "Pradines, Emanuel"]
[Black "Doval, Oscar"]
[Result "0-1"]
[WhiteElo "1970"]
[BlackElo "1829"]
[PlyCount "150"]
[EventDate "2009.08.04"]
[EventType "swiss"]
[EventRounds "7"]
[EventCountry "ARG"]
[SourceTitle "CBM 131 Extra"]
[Source "ChessBase"]
[SourceDate "2009.09.03"]
[SourceVersion "2"]
[SourceVersionDate "2009.09.16"]
[SourceQuality "1"]

1. e4 e5 2. Nc3 Nf6 3. g3 Be7 4. Bg2 0-0 5. Nge2 d6 6. h3 c5 7. 0-0 Bd7 8. f4 Nc6 9. d3 Rb8 10. Be3 b5 11. Qd2 Nd4 12. f5 b4 13. Nd1 Bc6 14. c4 a5 15. Nxd4 cxd4 16. Bf2 Nd7 17. g4 Bg5 18. Qe1 Nc5 19. Qe2 Bh4 20. Kh2 Ba4 21. Rg1 Bxd1 22. Raxd1 Bxf2 23. Qxf2 a4 24. h4 f6 25. Bf3 h6 26. Qd2 Qe7 27. Rg2 Rb7 28. Rdg1 Kf7 29. g5 fxg5 30. Bh5+ Kg8 31. hxg5 hxg5 32. Rxg5 Qf6 33. R1g4 Qh6 34. Kg3 Rf6 35. Qd1 Kf8 36. Qd2 Qh8 37. Rh4 Rh6 38. Qe2 Nd7 39. Rg6 Nf6 40. Rxh6 Qxh6 41. Kf2 Qg5 42. Rh1 Rb8 43. Bf3 Qf4 44. Rh8+ Ng8 45. Kg2 g5 46. fxg6 Qg5+ 47. Bg4 Qxg6 48. Rh3 Nf6 49. Rg3 Qh6 50. Bf5 Nh5 51. Qg4 Nxg3 52. Qxg3 Rb7 53. Kf1 Rg7 54. Qf3 Qc1+ 55. Ke2 Rg1 56. Be6+ Qf4 57. Qh3 Qe3+ 58. Qxe3 dxe3 59. Kxe3 a3 60. bxa3 bxa3 61. d4 Ke7 62. Bd5 Rg3+ 63. Kf2 Rc3 64. c5 exd4 65. c6 Kd8 66. Ke2 Kc7 67. Kd2 Kb6 68. Ke2 Kc7 69. Kd2 Kd8 70. Ke2 Ke7 71. Kd2 Kf6 72. Ke1 Ke5 73. Kd2 Kf4 74. Ke2 Kg5 75. Kd2 Kg4 0-1

[Event "Villa Martelli Rubinstein Memorial"]
[Site "Villa Martelli"]
[Date "2008.08.02"]
[Round "5.2"]
[White "Fell, Sebastian"]
[Black "Pradines, Emanuel"]
[Result "1-0"]
[WhiteElo "2105"]
[BlackElo "1911"]
[PlyCount "57"]
[EventDate "2008.07.29"]
[EventType "swiss"]
[EventRounds "9"]
[EventCountry "ARG"]
[SourceTitle "EXT 2024"]
[Source "ChessBase"]
[SourceDate "2023.10.10"]
[SourceVersion "1"]
[SourceVersionDate "2023.10.10"]
[SourceQuality "1"]

1. e4 c5 2. Nf3 Nc6 3. d4 cxd4 4. Nxd4 g6 5. c4 Bg7 6. Be3 Nf6 7. Nc3 Ng4 8. Qxg4 Nxd4 9. Qd1 Ne6 10. Rc1 Qa5 11. a3 g5 12. Be2 Qe5 13. 0-0 0-0 14. Bg4 d6 15. Nd5 Nc5 16. f4 gxf4 17. Rxf4 e6 18. Ne7+ Kh8 19. Bh5 Nxe4 20. Qf3 Ng5 21. Qg3 Ne4 22. Qf3 Ng5 23. Qf2 Nh3+ 24. gxh3 Qg5+ 25. Kh1 Qxe7 26. Rxf7 Rxf7 27. Bxf7 e5 28. Rg1 Bf6 29. Rg8# 1-0

[Event "Villa Martelli 54th Aniv IRT 1st"]
[Site "Villa Martelli"]
[Date "2008.07.13"]
[Round "6"]
[White "Pradines, Emanuel"]
[Black "Gonzalez Gimenez, Jose"]
[Result "1-0"]
[WhiteElo "1911"]
[BlackElo "1737"]
[PlyCount "109"]
[EventDate "2008.07.08"]
[EventType "tourn"]
[EventRounds "9"]
[EventCountry "ARG"]
[SourceTitle "CBM 125 Extra"]
[Source "ChessBase"]
[SourceDate "2008.09.01"]
[SourceVersion "1"]
[SourceVersionDate "2008.09.01"]
[SourceQuality "1"]

1. e4 e6 2. d3 d5 3. Nd2 c5 4. g3 Nf6 5. Bg2 Nc6 6. Ngf3 Qc7 7. 0-0 b6 8. Re1 Be7 9. e5 Nd7 10. Qe2 g5 11. h3 h5 12. g4 hxg4 13. hxg4 Bb7 14. Nf1 0-0-0 15. c3 Rdg8 16. d4 Kb8 17. b3 Nd8 18. Bb2 f6 19. c4 Rh6 20. dxc5 Bxc5 21. Rac1 fxe5 22. Nxe5 Qd6 23. Nxd7+ Qxd7 24. Be5+ Ka8 25. cxd5 Bxd5 26. Bxd5+ Qxd5 27. Qe4 Rh4 28. Nh2 Rf8 29. Bg3 Rh3 30. Kg2 Rh7 31. Qxd5+ exd5 32. Re5 Rhf7 33. Rxd5 Bxf2 34. Rc8+ Kb7 35. Rcxd8 Bxg3 36. Rxf8 Rxf8 37. Kxg3 Rc8 38. Rd3 b5 39. a3 a5 40. Nf3 b4 41. axb4 axb4 42. Nxg5 Rc3 43. Rf3 Kc6 44. Ne4 Rxf3+ 45. Kxf3 Kd5 46. g5 Kd4 47. g6 Kd3 48. g7 Kc2 49. g8Q Kb2 50. Qc4 Ka3 51. Nc5 Ka2 52. Nd3 Ka3 53. Ke3 Ka2 54. Qc2+ Ka3 55. Qb2# 1-0

[Event "Villa Martelli op"]
[Site "Villa Martelli"]
[Date "2006.??.??"]
[Round "4"]
[White "Pradines, Emanuel"]
[Black "Meza, Hugo"]
[Result "0-1"]
[WhiteElo "1812"]
[BlackElo "2135"]
[PlyCount "80"]
[EventDate "2006.07.??"]
[EventType "swiss"]
[EventRounds "9"]
[EventCountry "ARG"]
[SourceTitle "EXT 2008"]
[Source "ChessBase"]
[SourceDate "2007.11.25"]
[SourceVersion "1"]
[SourceVersionDate "2007.11.25"]
[SourceQuality "1"]

1. e4 c5 2. Nf3 Nc6 3. d4 cxd4 4. Nxd4 g6 5. Be3 Nf6 6. Nc3 Bg7 7. Bc4 0-0 8. Bb3 a5 9. f3 d5 10. Bxd5 Nxd5 11. exd5 Nb4 12. Nde2 Bf5 13. Rc1 b5 14. 0-0 Rc8 15. Nd4 Bxd4 16. Qxd4 Nxc2 17. Qb6 b4 18. Na4 Qxd5 19. Bh6 Rfd8 20. Rfd1 Bd3 21. b3 Rd6 22. Qf2 Qe5 23. Qg3 Qf5 24. Qh4 f6 25. Qg3 Rcd8 26. h4 Nd4 27. Re1 Ne2+ 28. Rxe2 Bxe2 29. Kh2 Rd4 30. Rc5 e5 31. Qf2 Bf1 32. Rxa5 Rd1 33. g4 Qc8 34. Rc5 Qb8 35. Rc6 e4+ 36. f4 Bd3 37. Rxf6 Rf1 38. Qb2 Re1 39. Qe5 Qxe5 40. fxe5 Re3 0-1